LEADER 01056nam 2200373 450 001 9910150438503321 005 20221224055114.0 010 $a3-318-04651-5 035 $a(CKB)3780000000100734 035 $a(NjHacI)993780000000100734 035 $a(EXLCZ)993780000000100734 100 $a20221224d1923 uy 0 101 0 $aeng 135 $aur||||||||||| 181 $ctxt$2rdacontent 182 $cc$2rdamedia 183 $acr$2rdacarrier 200 10$aEinfu?hrung in die Klinik der inneren Sekretion /$fG. Peritz 210 1$aBasel :$cS. Karger AG,$d1923. 215 $a1 online resource (viii, 258 pages) $cillustrations 300 $aIncludes index. 311 $a3-318-02932-7 606 $aSecretion 606 $aEndocrinology 615 0$aSecretion. 615 0$aEndocrinology. 676 $a574.876 700 $aPeritz$b G.$01272425 801 0$bNjHacI 801 1$bNjHacl 906 $aBOOK 912 $a9910150438503321 996 $aEinfu?hrung in die Klinik der inneren Sekretion$92996924 997 $aUNINA LEADER 01199nam0 22002651i 450 001 UON00334862 005 20231205104234.995 100 $a20091001d1923 |0itac50 ba 101 $afre 102 $aFR 105 $a|||| 1|||| 200 1 $aOeuvres complètes de Gustave Flaubert$eL'éducation sentimentale. Histoire d'un jeune homme$fParis$eLuois Conard, 1923 210 $a704 p.$a22 cm. 316 $aManca la copertina anteriore.$5IT-UONSI FranceseV AFLA 464 1$1001UON00334877$12001 $aˆL' ‰éducation sentimentale. Histoire d'un jeune homme$fGustave Flaubert. 620 $aFR$dParis$3UONL002984 676 $a843.7$cNarrativa francese. Monarchia costituzionale, 1815-1848$v21 700 1$aFLAUBERT$bGustave$3UONV048626$0142392 712 $aConard$3UONV267713$4650 801 $aIT$bSOL$c20240220$gRICA 899 $aSIBA - SISTEMA BIBLIOTECARIO DI ATENEO$2UONSI 912 $aUON00334862 950 $aSIBA - SISTEMA BIBLIOTECARIO DI ATENEO$dSI Francese V A FLA $eSI MR 50381 5 Manca la copertina anteriore.$sRovinato 996 $aOeuvres complètes de Gustave Flaubert$91364751 997 $aUNIOR LEADER 03629oam 2200937zu 450 001 9910877186203321 005 20251116150839.0 010 $a1-280-55693-5 010 $a9786610556939 010 $a0-471-32634-8 010 $a0-471-72120-4 035 $a(CKB)1000000000018933 035 $a(SSID)ssj0000310545 035 $a(PQKBManifestationID)12095062 035 $a(PQKBTitleCode)TC0000310545 035 $a(PQKBWorkID)10288991 035 $a(PQKB)10407243 035 $a(SSID)ssj0000614584 035 $a(PQKBManifestationID)11385643 035 $a(PQKBTitleCode)TC0000614584 035 $a(PQKBWorkID)10605663 035 $a(PQKB)11271357 035 $a(MiAaPQ)EBC4956595 035 $a(Au-PeEL)EBL4956595 035 $a(CaONFJC)MIL55693 035 $a(OCoLC)814463252 035 $a(EXLCZ)991000000000018933 100 $a20160829d2003 uy 101 0 $aeng 135 $aurcnu|||||||| 181 $ctxt 182 $cc 183 $acr 200 00$aStructural bioinformatics 210 31$a[Place of publication not identified]$cWiley Blackwell$d2009 215 $a1 online resource (674 pages) 225 0 $aMethods of biochemical analysis Structural bioinformatics 300 $aBibliographic Level Mode of Issuance: Monograph 311 08$a0-471-20200-2 330 $aFrom the Foreword: "[A] must read for all of us committed to understanding the interplay of structure and function...[T]he individual chapters outline the suite of major basic life science questions, such as the status of efforts to predict protein structure and how proteins carry out cellular functions, and also the applied life science questions such as how structural bioinformatics can improve health care through accelerating drug discovery." This book provides a basic understanding of the theories, associated algorithms, resources, and tools used in structural bioinformatics. The reader emerges with the ability to make effective use of protein, DNA, RNA, carbohydrate, and complex structures to better understand biological function. Moreover, it draws a clear connection between structural studies and the rational design of new therapies. 410 0$aMethods of Biochemical Analysis 606 $aStructural bioinformatics 606 $aMolecular Biology 606 $aComputational Biology 606 $aBiochemistry 606 $aBiology 606 $aGenetics 606 $aBiological Science Disciplines 606 $aChemistry 606 $aNatural Science Disciplines 606 $aDisciplines and Occupations 606 $aBiology - General$2HILCC 606 $aBiology$2HILCC 606 $aHealth & Biological Sciences$2HILCC 606 $aChemistry$2HILCC 606 $aPhysical Sciences & Mathematics$2HILCC 606 $aOrganic Chemistry$2HILCC 615 0$aStructural bioinformatics. 615 2$aMolecular Biology. 615 2$aComputational Biology. 615 2$aBiochemistry. 615 2$aBiology. 615 2$aGenetics. 615 2$aBiological Science Disciplines. 615 2$aChemistry. 615 2$aNatural Science Disciplines. 615 2$aDisciplines and Occupations 615 7$aBiology - General 615 7$aBiology 615 7$aHealth & Biological Sciences 615 7$aChemistry 615 7$aPhysical Sciences & Mathematics 615 7$aOrganic Chemistry 676 $a572.8/733 702 $aWeissig$b Helge 702 $aBourne$b Philip E. 801 0$bPQKB 906 $aBOOK 912 $a9910877186203321 996 $aStructural bioinformatics$91533022 997 $aUNINA